000 00517nam a2200193 a 4500
001 1762162386033
003 ACL
005 20251103150511.0
008 251103s2002##################000#0#eng##
020 _a9780792374275
082 0 4 _a658.155
_bFIG
100 1 _aFiglewski, Stephen,
_eauthor.
245 1 0 _aRisk Management: The State of the Art :
260 _bSpringer Science & Business Media,
_c2002.
300 _a250 pages
650 0 _aBusiness & Economics.
942 _cENGLISH
040 _aACL
_beng
_cACL
999 _c595405
_d595405